The Poisoned Needle/ (Record no. 2886)
[ view plain ]
| 000 -LEADER | |
|---|---|
| fixed length control field | 00437nam a22001577a 4500 |
| 003 - CONTROL NUMBER IDENTIFIER | |
| control field | OSt |
| 005 - DATE AND TIME OF LATEST TRANSACTION | |
| control field | 20250123095047.0 |
| 008 - FIXED-LENGTH DATA ELEMENTS--GENERAL INFORMATION | |
| fixed length control field | 250123b |||||||| |||| 00| 0 eng d |
| 040 ## - | |
| -- | . |
| 050 ## - LIBRARY OF CONGRESS CALL NUMBER | |
| Classification number | RA643 McB |
| 100 ## - MAIN ENTRY--PERSONAL NAME | |
| Personal name | McBean, Eleanor |
| 245 ## - TITLE STATEMENT | |
| Title | The Poisoned Needle/ |
| Remainder of title | suppressed facts about vaccination |
| Statement of responsibility, etc. | Eleanor McBean |
| 260 ## - PUBLICATION, DISTRIBUTION, ETC. | |
| Place of publication, distribution, etc. | Mokelumne Hill, California |
| Name of publisher, distributor, etc. | Health Research |
| Date of publication, distribution, etc. | 1974 |
| 300 ## - PHYSICAL DESCRIPTION | |
| Extent | 230p. |
| Dimensions | 22cm |
| 942 ## - ADDED ENTRY ELEMENTS (KOHA) | |
| Source of classification or shelving scheme | Library of Congress Classification |
| Koha item type | Books |
| Suppress in OPAC | No |
| 999 ## - | |
| -- | 2886 |
| -- | 2886 |
| Withdrawn status | Lost status | Source of classification or shelving scheme | Damaged status | Not for loan | Collection | Home library | Current library | Shelving location | Date acquired | Total checkouts | Full call number | Barcode | Date last seen | Copy number | Price effective from | Koha item type |
|---|---|---|---|---|---|---|---|---|---|---|---|---|---|---|---|---|
| Library of Congress Classification | Non-fiction | Science Library (Miotso) | Science Library (Miotso) | General stacks | 01/23/2025 | RA643 McB | SLM00002255 | 01/23/2025 | 1 | 01/23/2025 | Books |